Vocabulary Blitz XXIV Quiz Stats

 Plays Quiz Updated Nov 3, 2016

Support Sporcle.
Go Orange.
Score 0/5 Timer 01:00
6 Plays Today
% Correct
sanguinary
83.7%
august
67.7%
fey
62.2%
jejune
59%
arch
48.7%

From the Vault

US President by Word Cloud

by hscer

History 4m
It's cloudy with a chance of Hail to the Chief!
Remove Ads.
Support Sporcle.
Get the best of Sporcle when you Go Orange. This ad-free experience offers more features, more stats, and more fun while also helping to support Sporcle. Thank you for becoming a member.

Show Comments

Extras

Top Quizzes Today


Score Distribution

Your Account Isn't Verified!

In order to create a playlist on Sporcle, you need to verify the email address you used during registration. Go to your Sporcle Settings to finish the process.

Report this User

Report this user for behavior that violates our Community Guidelines.

Details: